00912nam a2200205Ia 4500003000400000005001700004008004100021040002100062041000800083082002500091100003400116245006800150260003300218300002900251500005400280504031300334505000600647650002900653650002400682OSt20210412162342.0210310s1990 pe gr 000 0 spa d aCO-JMCRcCO-JMCR0 aspa04a657.46 / bZ945t2231 aZuñiga A., Remigio, eautor10aTeoria general de la contabilda tributariacRemigo Zuñiga A.  aPerú : bLibertad, c1990. a454 páginas ; c23 cm. aDatos biográficos del autor en tapa posterior. 0 aNormas generales de la contabilidad tributaria. -- Gnoseología del derecho tributario. -- Elementos de uso de la contabilidad tributaria. -- El cuadro contable tributario. -- Listado de cuentas de plan contable tributario. -- Dinámica del plan contable tributario cuentas tributarias del activo clase I. a014aContabilidad tributaria.24aDerecho tributario